000 00526nam a2200169 4500
001 147991
003 ES-MaACL
005 20230906202354.0
007 t|
008 070214s1970 sp r ||||1| spa d
100 1 _aSpivak, Michael.
_9107777
245 1 0 _aCálculo infinitesimal /
_cMichael Spivak ; versión de Bartolomé Frontera Marqués.
260 _aBarcelona :
_bReverté,
_c1970.
300 _a2 v. :
_bil. ;
_c22 cm.
700 1 _aFrontera Marqués, Bartolomé.
_952743
852 _aES-MaACL
_jC-38310-11
_bR.73156
999 _c147991
_d147991